Information about the BENELUX

Salvato in:
Dettagli Bibliografici
Ente Autore: Benelux Economic Union
Natura: testo
Pubblicazione: s.l.: BEU
Tags: Aggiungi Tag
Nessun Tag, puoi essere il primo ad aggiungerne!!

MARC

LEADER 00000 a a2200000 04500
001 23506
003
040
090 |a 163300  
110 |a Benelux Economic Union  
245 |a Information about the BENELUX  
260 |a s.l.:   |b BEU  
300 |a 25 p.   |b fonodiscos  
999 |c 13463  |d 13463